000 00538nam a2200217Ia 4500
008 160803s9999 xx 000 0 und d
020 _a043978249X
100 _aRodda, Emily
245 _aDeep secrets /
245 _cEmily Rodda and Robert Sexton.
260 _aNew York :
260 _bScholastic Inc.
260 _c1994
300 _a110 pages ;
300 _c20 cm.
440 _aRaven Hill Mysteries ;
440 _vbk. 4.
650 _aMissing persons.
650 _aMystery and detective stories.
700 _a530
999 _c298736
_d298736